000 00695nam a22002417a 4500
003 LC
005 20160301140550.0
008 121115t xxu||||| |||| 00| 0 eng d
020 _a0553176749
020 _a9780385245555
050 _aPS 3553
_b.C775 1988
082 _aFIC
_bC78f 1988
100 _aCoonts, Stephen
_920873
245 _aFinal flight /
_cStephen Coonts.
260 _aGreat Britain :
_bTransworld Publishers Ltd.,
_c1988.
300 _a387 p. ;
_b18 cm.
650 _aUnited States.
_914396
650 _aGrafton, Jake (Fictitious character) -- Fiction.
650 _aTerrorism -- Fiction.
650 _aNuclear weapons -- Fiction.
942 _2lcc
_cBK
999 _c11670
_d11670